00445nam a2200157Ia 450000500170000000800410001708200130005824500780007126000520014930000130020165000130021465000190022770000150024670000120026170000140027320240605032947.0240331s9999 xx 000 0 und d bINTa362 0aInternational feminism :bnetworking against female sexual slavery report bThe International Women's Tribune Centre.c1984 a141, p., aFeminism aSexual Slavery aBarry, K.  aBunch,C aCastley,S